000 00603nam a2200205Ia 4500
003 OSt
005 20221007112544.0
006 a|||||r|||| 00| 0
007 ta
008 221006b |||||||| |||| 00| 0 eng d
024 _a28,687
037 _cBound Volume
040 _aLCO
_cLCO
_beng
041 _2eng
_aeng
245 0 _aALL INDIA REPORTER BOMBAY, LAHORE, PATNA, KUCH, SIND, ANDRH, ASSAM, CALCULTA
260 _aNagpur
_bAll India reporter ltd. India
_c1914
490 _v1077914, 10477916 86 -1999
942 _cCR
999 _c1198250
_d1198250